Islam hadhari dalam pembangunan insan : asas kepada pelaksanaan Islam hadhari di Malaysia

Bibliographic Details
Main Author: Buti, Muhammad Said Ramadan
Format: Book
Published: Kuala LUmpur : Mushi Publication Sdn.Bhd , 2004
Subjects:

MARC

LEADER 00000cam a2200000 7i4500
001 0000092835
005 20050629.0
020 |a 9834180708 
090 0 0 |a 297.2709595   |b MUH 
100 1 |a Buti, Muhammad Said Ramadan 
245 1 0 |a Islam hadhari dalam pembangunan insan :   |b asas kepada pelaksanaan Islam hadhari di Malaysia   |c Muhammad Said Ramadhan Al Buti 
260 |a Kuala LUmpur :   |b Mushi Publication Sdn.Bhd ,   |c 2004 
300 |a 201p. ;   |c 22cm. 
650 0 0 |a Islam and politics   |z Malaysia 
650 0 0 |a Islam and state   |z Malaysia 
999 |a 00184551   |b BUKU   |c PINJAMAN   |e PERPUSTAKAAN KOMUNITI PETALING JAYA